000 00382nam a2200145Ia 4500
005 20250729165745.0
008 250729s2013 xx 000 0 und d
041 _aeng
082 _a425.25 VENT
100 _aK Venu Gopal Rao
_9232245
245 _aTechniues of Teaching English
260 _aNew Delhi
_bNeelkamal Publication
_c2013
300 _a271p
650 _aEnglish
_9232246
999 _c239686
_d239686